Estimación indirecta de ingresos y proporción de hogares pobres: una metodología para jerarquizar áreas menores /
El objeto de esta investigación es obtener indicadores de insuficiencia de ingresos a niveles territorialmente desagregados a través de la combinación de la información de la Encuesta Contínua de Hogares (ECH) y del Censo de Población y Vivienda (CPV). Se elaboraron estimaciones estadísticas de ecua...
Gespeichert in:
| 1. Verfasser: | |
|---|---|
| Weitere Verfasser: | |
| Format: | Text |
| Schlagworte: | |
| Tags: |
Tag hinzufügen
Keine Tags, Fügen Sie den ersten Tag hinzu!
|
MARC
| LEADER | 00000 a a2200000 04500 | ||
|---|---|---|---|
| 001 | 10325 | ||
| 003 | |||
| 040 | |||
| 100 | |a Macadar, Daniel | ||
| 245 | |a Estimación indirecta de ingresos y proporción de hogares pobres: |b una metodología para jerarquizar áreas menores / |c Daniel Macadar | ||
| 520 | |a El objeto de esta investigación es obtener indicadores de insuficiencia de ingresos a niveles territorialmente desagregados a través de la combinación de la información de la Encuesta Contínua de Hogares (ECH) y del Censo de Población y Vivienda (CPV). Se elaboraron estimaciones estadísticas de ecuaciones del ingreso a partir de la ECH y este propósito, se desarrollaron las ecuaciones del ingreso y de la condición de hogar pobre en función de las variables seleccionadas a través de modelos de regresión lineal y logística. Finalmente se aplicaron esas ecuaciones a la información censal en diferentes niveles de agregación geográfica. El primero de ellos corresponde a los grandes agregados de la ECH: Montevideo e interior urbano |a el segundo nivel en el departamental |a en el tercero se incluyen las ciudades de más de 10 000 habitantes y el cuarto nivel corresponde a unidades menores, es decir, barrios en Montevideo y localidades con menos de 10 000 habitantes en el interior. A partir de esta aplicación se pudo jerarquizar las áreas geográficas de acuerdo con las diferentes proporciones de pobreza. Este enfoque posibilita acercamientos diferentes y permite establecer además de los indicadores estándar de ingreso y pobreza, distancias y medidas de intensidad de la pobreza que no son captables por los indicadores convencionales de necesidades básicas insatisfechas. REV//JMML | ||
| 650 | |a INGRESO | ||
| 650 | |a FAMILIA | ||
| 650 | |a ECONOMIA | ||
| 650 | |a INDICADORES ECONOMICOS | ||
| 650 | |a POBREZA | ||
| 650 | |a POLITICA SOCIAL | ||
| 650 | |a GASTOS SOCIALES | ||
| 650 | |a MODELOS | ||
| 650 | |a INDICADORES ECONOMICOS | ||
| 650 | |a FAMILIA | ||
| 650 | |a POBREZA | ||
| 700 | |a Mendice, Carlos | ||
| 773 | |g volumen 25, número 66; páginas 111-185 | ||
| 999 | |c 27371 |d 27371 | ||
